000 00240nam a2200097Ia 4500
001 910712
005 20250826185705.0
008 250824s9999 xx 000 0 und d
245 0 _aSÖZÜM SÖZ OLSUN
_cSERKAN ÖZEL
260 _bDESTEK YAYINLARI
999 _c910712
_d910712